| 000 | 00832nam a2200253 i 4500 | ||
|---|---|---|---|
| 001 | 124058 | ||
| 003 | ES-MaACL | ||
| 005 | 20260525062932.0 | ||
| 007 | t| | ||
| 008 | 070214s1955 sp r ||||1| spa d | ||
| 040 | _cES-MaACL | ||
| 100 | 1 |
_aRamón y Cajal, Santiago, _d1852-1934 _9226468 _eaut |
|
| 245 | 1 | 0 |
_aMi infancia y juventud / _cSantiago Ramón y Cajal. |
| 250 | _aSexta edición | ||
| 260 |
_aMadrid : _bEspasa-Calpe, _c1955. |
||
| 300 |
_a266 páginas ; _c18 cm. |
||
| 490 | 1 |
_aColección austral ; _v90 |
|
| 600 | 1 | 4 |
_aRamón y Cajal, Santiago, _d1852-1934 _9226468 |
| 830 | 1 |
_aColección austral _v90 _9177655 |
|
| 852 |
_aES-MaACL _jC-10670 _9128649 _cSPAL _xEncuadernación rústica |
||
| 942 |
_cMONOGRAFIA _n0 |
||
| 999 |
_c124058 _d124058 |
||